IIT chemistry (Record no. 168063)

MARC details
000 -LEADER
fixed length control field 00738 a2200193 4500
020 ## - INTERNATIONAL STANDARD BOOK NUMBER
Terms of availability 670.00
035 ## - SYSTEM CONTROL NUMBER
System control number B-295866
037 ## - SOURCE OF ACQUISITION
Source of stock number/acquisition Jai Prakasah Nath Publications
082 14 - DEWEY DECIMAL CLASSIFICATION NUMBER
Classification number 540
Item number AGA
100 1# - MAIN ENTRY--PERSONAL NAME
Personal name Agarwal, O.P.
245 1# - TITLE STATEMENT
Title IIT chemistry
Remainder of title for IIT joint entrance and other engineering entrance examinations
Statement of responsibility, etc by O.P. Agarwal, Avinash Agarwal
250 ## - EDITION STATEMENT
Edition statement 125th ed.
260 ## - PUBLICATION, DISTRIBUTION, ETC. (IMPRINT)
Place of publication, distribution, etc Meerut
Name of publisher, distributor, etc Jai Prakasah Nath Publications
Date of publication, distribution, etc 2009
270 ## - ADDRESS
Address Grah Nauchandi chauraha,Garh Road,Meerut-250002
300 ## - PHYSICAL DESCRIPTION
Extent xx, 1286p.
Dimensions 24 cm (pbk)
700 ## - ADDED ENTRY--PERSONAL NAME
Personal name Agarwal, Avinash
942 ## - ADDED ENTRY ELEMENTS (KOHA)
Institution code [OBSOLETE] dpl
Item type English Books
Source of classification or shelving scheme Dewey Decimal Classification
Classification part 540
Call number suffix AGA
Holdings
Withdrawn status Lost status Not for loan Collection code Home library Current library Date acquired Source of acquisition Cost, normal purchase price Full call number Barcode Cost, replacement price Koha item type
      Non-fiction R.C.Libraries (zls) Sarojini Nagar 25/09/2019 Jai Prakasah Nath Publications 670.00 540 AGA B-295866 670.00 English Books

© Delhi Public Library
Hit Counter
free hit counter